000 03187nam a2200325 a 4500
003 OSt
005 20240731094141.0
007 cr ||||||a|c|a
008 240626s2021 mx a|||fom||| 001 0 spa d
040 _erda
100 1 _9189269
_aVázquez Navarrete, Francisco Javier
245 1 0 _aIdentificación del ácaro causante del erineo de la vid (Vitis vinifera L.), recolectado en Madrid, España /
_cpor Francisco Javier Vázquez Navarrete; director de tesis Ma. del Carmen Sánchez Gálvan; secretario Hugo Enrique González García; vocal Ana Karen López Tapia; suplente Artemio Rosas Meza; suplente Calixto Leopoldo Carrillo Fonseca.
264 1 _aChapingo, México :
_bEl autor,
_c2021.
300 _a1 recurso en línea (71 páginas):
_bcuadros, figuras.
336 _2rdacontent
_atexto
_btxt
337 _2rdamedia
_acomputadora
_bc
338 _2rdacarrier
_arecurso en línea
_bcr
502 _bIAEPA
_cParasitología
_d2021.
_gLIC
504 _aIncluye referencias bibliográficas: páginas 60-67.
520 _aEntre los problemas fitosanitarios presentes en el cultivo de vid (Vitis vinifera L.), destacan los ácaros eriofidos: Colomerus vitis y Calepitrimerus vitis, los cuales están presentes en la mayor parte de los viñedos del mundo. Colomerus vitis es el ácaro causante del erineo de la vid y puede ocasionar retrasos en el crecimiento de plántulas, además de que se ha comprobado que es vector de la enfermedad Grapevine Pinot Gris Virus (GPGV), por lo cual, es considerada la especie de mayor importancia económica. En el mes de agosto de 2019, a un costado de las afueras del Jardín Botánico de Madrid, España. Se recolectaron hojas de vid (Vitis vinifera L.), con colonias de ácaros dentro de los erineos del envés y falsas agallas en la parte del haz fueron colocadas dentro de líquido de Koenike para su transporte y manejo. El objetivo de la presente investigación fue identificar al ácaro causante del erineo (crecimiento excesivo de los tricomas) de la vid, por lo que las muestras se conservaron en líquido de Koenike y fueron transportadas y llevadas al Laboratorio de Acarología de la Universidad Autónoma Chapingo, para elaborar montajes permanentes y poder hacer su identificación. Con base a la sintomatología y caracteres taxonómicos observados, se determinó que el agente causal del erineo de la vid encontrado en Madrid, España, corresponde a la especie Colomerus vitis. Es de relevancia mencionar, que esta especie aún no ha sido reportada en México, pero el trabajo servirá como fuente de referencia para los especialistas fitosanitarios.
650 4 _9119131
_aVid
_xPlagas
650 4 _9189270
_aColomerus vitis
_xIdentificación
700 _aSánchez Gálvez, Ma. del Carmen
_eDirector de tesis.
_9164748
700 1 _9130834
_aGonzález García, Hugo Enrique
_eSecretario.
700 1 _9137143
_aLópez Tapia, Ana Karen
_eVocal.
700 1 _9100031
_aRosas Meza, Artemio
_eSuplente.
700 1 _919482
_aCarrillo Fonseca, Calixto Leopoldo
_eSuplente.
856 _uhttp://10.13.5.2/tesis/tl/2021_PA_Vazquez_Navarrete_FranciscoJavier.pdf
_zDESCARGAR PDF
942 _2Clasificación Universidad Autónoma Chapingo
_cTD
999 _c220024
_d220024